ბათუმის შოთა რუსთაველის სახელმწიფო უნივერსიტეტის ბიბლიოთეკა

Вопросы современной начертательной геометрии (ბიბ.ჩანაწერი № 38861)

000 -LEADER
fixed length control field 00633nam a2200205Ia 4500
001 - CONTROL NUMBER
control field 5272
003 - CONTROL NUMBER IDENTIFIER
control field GE_BSU
008 - FIXED-LENGTH DATA ELEMENTS--GENERAL INFORMATION
fixed length control field 181216s||||||||xx |||||||||||||| ||und||
040 ## - CATALOGING SOURCE
Transcribing agency GE_BSU
080 ## - UNIVERSAL DECIMAL CLASSIFICATION NUMBER
Universal Decimal Classification number 514.18
245 ## - TITLE STATEMENT
Title Вопросы современной начертательной геометрии
245 ## - TITLE STATEMENT
Remainder of title сборник статей
245 ## - TITLE STATEMENT
Statement of responsibility, etc. Под. ред. Н.Ф.Четверухина
260 ## - PUBLICATION, DISTRIBUTION, ETC.
Place of publication, distribution, etc. М-Л
260 ## - PUBLICATION, DISTRIBUTION, ETC.
Name of publisher, distributor, etc. Гостехиздат.
260 ## - PUBLICATION, DISTRIBUTION, ETC.
Date of publication, distribution, etc. 1947
300 ## - PHYSICAL DESCRIPTION
Extent 334 с.20 см.
653 ## - INDEX TERM--UNCONTROLLED
Uncontrolled term Вопросы современной начертательнойгеометрии:
942 ## - ADDED ENTRY ELEMENTS (KOHA)
Koha item type წიგნი
ეგზემპლარები
Withdrawn status Lost status Damaged status Not for loan Date acquired Barcode Date last seen Price effective from Koha item type
        2018-12-17 16244 2018-12-17 2018-12-17 წიგნი